000 00603nam a2200193Ia 4500
003 GCL
008 140319s9999 xx 000 0 ara d
040 _aGCL /
_cGCL
082 0 4 _a604.2
_bع ر
100 1 _aمحيى الدين القشلان
245 1 0 _aالرسم الهندسى: لغة المهندسين /
_cمحيى الدين القشلان
700 1 _aعباس بيومى مصطفى
700 1 _aمحمد زكريا مصطفى
260 _a[S.N] :
_bدار الراتب الجامعية
300 _a181 ص
490 _a
650 0 4 _aالرسم الهندسى
942 _2ddc
_cBK
999 _c55638
_d55638